000 00994cab a22001935a 4500
001 L156995
008 120807e2012 xxk 000 0 eng d
035 _a(Sirsi) u156995
041 0 _aeng
110 2 _aEuroProperty
_91216
245 0 0 _aSurvey
_bLondon
260 _c2012
490 0 _aEuroProperty
_v6 August 2012, 17-21(5)
520 _aLondon's City and Docklands office markets appear flat but some major deals are still being done. UK and overseas investors clamour for West End trophy commercial properties as rents continue to climb. Impact of Eurozone problems on prime retail will be short-lived as demand for central London shops outweighs supply in the major shopping streets. Olympics has brought on a flush of transport infrastructure investment. Olympic tourism has boosted demand in London's thriving hotel sector with London continuing to outpace other European hotel markets.
590 _aKA
651 4 _aLondon
690 _aCommercial property
_96227
942 _n0
999 _c84223
_d84223